1328 1155 1987 1421 1294 1209 1406 1907 1297 1640 1210 1493 1022 1399 1651 1351 1568 1690 1353 1199 1217 1297 1646 1195 1401 1158 1629 1910 1343 1841 1877 1973 1699 2000 1773 1700 1607 1613 1201 1196 1644 1213 1006 1925 1432 1342 1958 1754 1977 1709 1952 1739 1405 1811 1160 1209 1361 1077 1546 1717 1768 1288 1374 1381 1795 1100 1498 1305 1190 1510 1123 1154 1142 1853 1233 1667 1629 1726 1997 1355 1196 1538 1294 1598 1959 1836 1827 1566 1222 1657 1988 1456 1279 1621 1288 1067 1431 1179 1447 BCNSPRNW ULIB Ver.6.0+V

เปลี่ยนเป็นภาษาไทย

Change to English
 แสดงรายละเอียดบรรณานุกรม
  กลับหน้าหลัก

Brief Record : Get Marc (ISO 2709) : E-mail record : QR code < ปิดหน้าต่าง
LEADER : 00000nam 2200000uu 4500
001    13399111714
003     ULIB
008    110706s2543||||th 000 0 tha d
020    9747232162
050  4 BQ5630.S16^bต617ต 2543
100 1  ตรุงปะ, เชอเกียม,^d2483-2530
245 10 ตำนานแห่งเสรีภาพและหนทางแห่งการภาวนา =^bThe myth of freedom and the way meditation /^cเชอเกียม ตรุงปะ, เขียน ;อนุสรณ์ ติปยานนท์, แปล ; พจนา จันทรสันติ, บรรณาธิการ
246 31 The myth of freedom and the way meditation
250    พิมพ์ครั้งที่ 1
260    กรุงเทพฯ :^bมูลนิธิโกมลคีมทอง,^c2543
300    169 หน้า ;^c21 ซม.
650  4 ภาวนา
650  4 จิตตานุภาพ^xแง่ศาสนา^xพุทธศาสนา
650  4 สมาธิ
700 0  อนุสรณ์ ติปยานนท์
700 0  พจนา จันทรสันติ
945    ^p90^l0^i026695
995    ทศพร
999 ^a ใช้งานได้ทุกระบบ
รายการนี้ยังไม่มีแท็ก
คุณยังไม่ได้ล็อกอิน คุณสามารถมีกิจกรรมร่วมกับเว็บไซต์ได้ แต่ต้องล็อกอินก่อน ::
  ล็อกอิน

รายการสื่อสารสนเทศ

ลำดับที่ ประเภท เลขเรียก/บาร์โค้ด สถานที่ สถานะ
- ไม่พบข้อมูล -

รายการใกล้เคียง
    หัวเรื่อง [ภาวนา]
    หัวเรื่อง [สมาธิ]

BibComment


ยังไม่เคยถูกคอมเมนท์

คอมเมนท์ทรัพยากรรายการนี้
  คอมเมนท์: ตำนานแห่งเสรีภาพแ..


 Copyright 2026. Bcnsprnw @Library